Logo BPK

Biblioteka

Politechniki Koszalińskiej

Ponad podziałami : (Rekord nr 39668)

Szczegóły MARC
000 -ETYKIETA REKORDU
podpole kontrolne o stałej długości 00915nam a2200265 i 4500
001 - NUMER KONTROLNY REKORDU
pole kontrolne bg
020 ## - MIĘDZYNARODOWY ZNORMALIZOWANY NUMER KSIĄŻKI - ISBN
ISBN 8390766574
040 ## - ŹRÓDŁO KATALOGOWANIA
Instytucja, która utworzyła rekord BPK
041 0# - KOD JĘZYKA
Kod języka tekstu pl
080 ## - UNIWERSALNA KLASYFIKACJA DZIESIĘTNA - UKD
UKD 327(438)"1989/..."(047.53)
920 ## - Międzynarodowy znormalizowany numer książki – ISBN
ISBN 83-907665-7-4
008 - POLE O STAŁEJ DŁUGOŚCI - DANE KONTROLNE
podpole kontrolne o stałej długości s pl f |000 0 pol
100 1# - NAZWA OSOBOWA
Nazwa osobowa BARTOSZEWSKI, Władysław
Daty związane z nazwą (1922- )
245 10 - TYTUŁ/ODPOWIEDZIALNOŚĆ
Tytuł Ponad podziałami :
Ciąg dalszy tytułu wybrane przemówienia i wywiady, lipiec-grudzień 2000 r. /
Pozostałe elementy strefy tytułu i oznaczenia odpowiedzialności Władysław Bartoszewski ; [wybór przemówień i wywiadów Dominika Piwowarczyk].
260 ## - STREFA ADRESU WYDAWNICZEGO
Miejsce wydania Warszawa :
Nazwa wydawcy/dystrybutora Ministerstwo Spraw Zagranicznych,
Data publikacji, dystrybucji/powstania dokumentu 2001.
300 ## - STREFA OPISU FIZYCZNEGO
Objętość 209 s., [9] s. tabl. :
Inne cechy fizyczne il. kolor. ;
Rozmiary 22 cm.
600 19 - HASŁO PRZEDMIOTOWE W FORMIE NAZWY OSOBOWEJ
Nazwa osobowa Bartoszewski, Władysław (1922- )
650 #9 - HASŁO PRZEDMIOTOWE W FORMIE NAZWY OGÓLNEJ LUB JEDNOSTKOWEJ
Nazwa ogólna lub geograficzna Mowy polskie
Określnik chronologiczny od 1989 r.
650 #9 - HASŁO PRZEDMIOTOWE W FORMIE NAZWY OGÓLNEJ LUB JEDNOSTKOWEJ
Nazwa ogólna lub geograficzna Publicystyka
Określnik chronologiczny od 1989 r.
651 #9 - HASŁO PRZEDMIOTOWE W FORMIE NAZWY GEOGRAFICZNEJ
Nazwa geograficzna Polska
Określnik ogólny polityka
Określnik chronologiczny od 1989 r.
655 ## - TERMIN INDEKSOWY - OKREŚLENIE RODZAJU/FORMY DOKUMENTU
Określenie rodzaju/formy dokumentu Antologie
655 ## - TERMIN INDEKSOWY - OKREŚLENIE RODZAJU/FORMY DOKUMENTU
Określenie rodzaju/formy dokumentu publicystyka
700 1# - HASŁO DODATKOWE - NAZWA OSOBOWA
Nazwa osobowa PIWOWARCZYK, Dominika
856 ## - LOKALIZACJA I DOSTĘP DO ELEKTRONICZNYCH DOKUMENTÓW ZDALNYCH
Link (URL) http://koha.tu.koszalin.pl/cgi-bin/koha/opac-detail.pl?biblionumber=39668
Tekst linku Katalog online BPK
942 ## - DODATKOWE ELEMENTY (KOHA)
Typ dokumentu Książka
Egzemplarze
Wycofany Status egzemplarza Uszkodzony Dostępność Lokalizacja stała Lokalizacja bieżąca Miejsce przechowywania Sygnatura Kod kreskowy Typ dokumentu
      Dostępny Biblioteka Politechniki Koszalińskiej Biblioteka Politechniki Koszalińskiej Wypożyczalnia BG 59230 01550733 Książka
© 2023 Biblioteka Politechniki Koszalińskiej :: KOHA